El alavés Fray Fermín Francisco de Lasuen O.F.M. (1736-1803) / (Record no. 88527)
[ view plain ]
| 000 -LEADER | |
|---|---|
| campo de control de longitud fija | 00621nam a2200181 i 4500 |
| 001 - NÚMERO DE CONTROL | |
| campo de control | 88527 |
| 003 - IDENTIFICADOR DE NÚMERO DE CONTROL | |
| campo de control | ES-MaACL |
| 005 - FECHA Y HORA DE LA ÚLTIMA TRANSACCIÓN | |
| campo de control | 20230906175857.0 |
| 007 - CAMPO FIJO DE DESCRIPCIÓN FÍSICA--INFORMACIÓN GENERAL | |
| campo de control de longitud fija | t| |
| 008 - DATOS DE LONGITUD FIJA--INFORMACIÓN GENERAL | |
| campo de control de longitud fija | 050104s1963 sp ||||1| spa d |
| 100 1# - ENTRADA PRINCIPAL--NOMBRE DE PERSONA | |
| Nombre de persona | Lamadrid Jiménez, Lázaro. |
| 9 (RLIN) | 69758 |
| 245 13 - MENCIÓN DEL TÍTULO | |
| Título | El alavés Fray Fermín Francisco de Lasuen O.F.M. (1736-1803) / |
| Mención de responsabilidad, etc. | por Lázaro Lamadrid Jiménez. |
| 260 ## - PUBLICACIÓN, DISTRIBUCIÓN, ETC. | |
| Lugar de publicación, distribución, etc. | [Vitoria : |
| Nombre del editor, distribuidor, etc. | s.n., |
| Fecha de publicación, distribución, etc. | 1963] |
| 300 ## - DESCRIPCIÓN FÍSICA | |
| Extensión | 2 v., 15 lám. ; |
| Dimensiones | 26 cm. |
| 500 ## - NOTA GENERAL | |
| Nota general | Precede al tít.: Diputación Foral de Alava. Consejo de Cultura. |
| 710 1# - ENTRADA AGREGADA--NOMBRE DE ENTIDAD CORPORATIVA | |
| Nombre de entidad corporativa o nombre de jurisdicción como elemento de entrada | Álava. |
| Unidad subordinada | Consejo de Cultura. |
| 9 (RLIN) | 1309 |
| 852 ## - LOCALIZACIÓN | |
| Ubicación | ES-MaACL |
| Número de control de estantería | C-23556-7 |
| Sublocalización o colección | R.52302 |
| Estatus retirado | Estado de pérdida | Estado de daño | No para préstamo | Biblioteca de origen | Biblioteca actual | Ubicación en estantería | Fecha de adquisición | Fuente de adquisición | Total de préstamos | Signatura topográfica completa | Código de barras | Visto por última vez | Precio de reemplazo | Tipo de ítem Koha |
|---|---|---|---|---|---|---|---|---|---|---|---|---|---|---|
| Biblioteca del Ateneo de Madrid | Biblioteca del Ateneo de Madrid | Depósito 2 | 17/01/2008 | C-23556-7 | 1092471 | 23/02/2023 | 23/02/2023 | Libro impreso |
